La guía del teatro de Shakespeare

में बचाया:
ग्रंथसूची विवरण
मुख्य लेखकों: McLeish, Kenneth (autor), Unwin, Stephen (लेखक)
स्वरूप: पुस्तक
भाषा:स्पेनिश
प्रकाशित: Buenos Aires Adriana Hidalgo 2014
संस्करण:1a. ed
विषय:
टैग: टैग जोड़ें
कोई टैग नहीं, इस रिकॉर्ड को टैग करने वाले पहले व्यक्ति बनें!

MARC

LEADER 00000cam a2200000 a 4500
001 UCC3643
003 CL-VaPUC
008 180531e20140000ag |||||||||||||||||spa|d
020 |a 9789873793004 
082 0 4 |a 807  |b MCL  |2 21 
100 |a McLeish, Kenneth  |e autor  |9 597698 
700 0 |a Unwin, Stephen  |e author  |9 597699 
245 1 3 |a La guía del teatro de Shakespeare 
250 |a 1a. ed 
300 |a 448 p 
942 |c BK 
945 |d 20180531 16:15:00  |a dcastane 
260 |a Buenos Aires  |b Adriana Hidalgo  |c 2014 
600 0 |a Shakespeare, William  |9 265757 
650 0 |a Estudios literarios  |9 357019 
650 7 |a INVESTIGACION LITERARIA  |2 CL-VaPUC  |9 324493 
650 0 |a Dramas ingleses  |9 269396 
650 0 |a Crítica e interpretación   |9 255042 
583 |a last modification  |c 20180531 16:15:00  |k Rodrigo Vera 
999 |c 371335  |d 371333